Účetní evidence

Uložené v:
Podrobná bibliografia
Médium: Seriál
Jazyk:Czech
Vydavateľské údaje: Praha SNTL 1953
Tagy: Pridať tag
Žiadne tagy, Buďte prvý, kto otaguje tento záznam!

MARC

LEADER 00000nas2a2200000$$$4500
001 0009654
005 20250730114242.6
041 0 |a cze 
044 |a CZ 
245 1 0 |a Účetní evidence 
264 1 |a Praha  |b SNTL  |c 1953 
300 |a 1 zv. 
773 0 |w eu_un_cat*0009653